ბათუმის შოთა რუსთაველის სახელმწიფო უნივერსიტეტის ბიბლიოთეკა

თხზულებანი 5 ტომად : (ბიბ.ჩანაწერი № 57293)

000 -ლიდერი
ფიქსირებული სიგრძის საკონტროლო ველი 01130nam a22002177a 4500
003 - საკონტროლო ნომრის იდენტიფიკატორი
საკონტროლო ველი Ge_BSU
005 - ბოლო ოპერაციის თარიღი და დრო
საკონტროლო ველი 20200213120222.0
008 - ფიქსირებული სიგრძის მონაცემთა ელემენტები - ზოგადი ინფორმაცია
ფიქსირებული სიგრძის საკონტროლო ველი 200213b1982 ge ||||| |||| 00| 0 geo d
041 ## - ენის კოდი
Language code of text/sound track or separate title geo
080 ## - უნივერსალური ათობითი კლასიფიკაციის ინდექსი
Universal Decimal Classification number 821.353.1 გ-85
100 ## - მთავარი ჩანაწერი - პიროვნების სახელი
Personal name გრიშაშვილი, იოსებ
9 (RLIN) 6813
245 ## - ცნობა სათაურის შესახებ
Title თხზულებანი 5 ტომად :
Remainder of title ტ. 2 : ლექსები 1922-1960, საბავშვო ლექსები და პოემები /
Statement of responsibility, etc იოსებ გრიშაშვილი ; რედ. : აკაკი ხინთიბიძე, ვახტანგ ჯავახაძე.
264 ## - წარმოების, გამოცემის, დისტრიბუციის და სხვა ცნობები
გამოცემის, წარმოების, დისტრიბუციის... ადგილი თბილისი :
გამოცემის, წარმოების, დისტრიბუციის... სახელწოდება საბჭ. საქართველო,
გამოცემის, წარმოების, დისტრიბუციის... თარიღი 1982.
300 ## - ფიზიკური აღწერა
Extent 346 გვ. ;
Dimensions 20 სმ.
653 ## - INDEX TERM--UNCONTROLLED
Uncontrolled term თხზულებანი
653 ## - INDEX TERM--UNCONTROLLED
Uncontrolled term საბავშვო ლექსები
653 ## - INDEX TERM--UNCONTROLLED
Uncontrolled term პოემები
700 ## - ADDED ENTRY--PERSONAL NAME
Personal name ხინთიბიძე, აკაკი
Relator term რედაქტორი
9 (RLIN) 7027
700 ## - ADDED ENTRY--PERSONAL NAME
Personal name ჯავახაძე, ვახტანგ
Relator term რედაქტორი
9 (RLIN) 7028
942 ## - ADDED ENTRY ELEMENTS (KOHA)
Source of classification or shelving scheme
Koha item type წიგნი
ეგზემპლარები
ჩამოწერის სტატუსი დაკარგული ეგზემპლარის სტატუსი კლასიფიკაციის წყარო ან თაროზე გაწყობის სქემა დაზიანების სტატუსი არ გაიცემა მუდმივი მდებარეობა (დაცვის ადგილი) ამჟამინდელი ადგილსამყოფელი თაროზე განთავსების ადგილი შეძენის თარიღი ღირებულება, შესყიდვის ნორმალური ფასი სრული შენახვის შიფრი შტრიხკოდი ბოლო ოპერაციის თარიღი ეგზემპლარის მიმდევრობითი ნომერი (კეტერი?) ფასის ძალაში შესვლის თარიღი ეგზემპლარის სახეობა საჯარო შენიშვნა
          ბათუმის შოთა რუსთაველის სახელმწიფო უნივერსიტეტის მთავარი ბიბლიოთეკა ბათუმის შოთა რუსთაველის სახელმწიფო უნივერსიტეტის მთავარი ბიბლიოთეკა წიგნსაცავი 2020-02-13 3.40 821.353.1 გ-85 14843 2020-02-13 14843 2020-02-13 წიგნი 3.40 ლ.